| 000 -CABECERA |
| Campo de control de longitud fija |
00929nam a2200265 i 4500 |
| 001 - NÚMERO DE CONTROL |
| Campo de control |
74990 |
| 003 - IDENTIFICADOR DEL NÚMERO DE CONTROL |
| Campo de control |
ES-SlBC |
| 005 - FECHA Y HORA DE LA ÚLTIMA TRANSACCIÓN |
| Campo de control |
20211123011022.0 |
| 008 - CÓDIGOS DE INFORMACIÓN DE LONGITUD FIJA |
| Campo de control de longitud fija |
130822s2005 fr |||||||spa d fre |
| 020 ## - NÚMERO INTERANCIONAL NORMALIZADO PARA LIBROS (ISBN) |
| Número Internacional Normalizado para Libros (ISBN) |
2204078166 |
| 035 ## - NÚMERO DE CONTROL DEL SISTEMA |
| Número de control del sistema |
UNAV (114925) |
| 040 ## - FUENTE DE LA CATALOGACIÓN |
| Centro catalogador del origen |
UNAV |
| Lengua de catalogación |
spa |
| Centro modificador |
ES-SlBC |
| 041 ## - CÓDIGO DE LENGUA |
| Código de lengua del texto/banda sonora o título independiente |
fre |
| -- |
grc |
| 100 1# - PUNTO DE ACCESO PRINCIPAL-NOMBRE DE PERSONA |
| Nombre de persona |
Josefo, Flavio |
| 9 (RLIN) |
17276 |
| 245 14 - MENCIÓN DE TÍTULO |
| Título |
Les antiquités juives. |
| Número de parte o sección de la obra |
4, |
| Nombre de parte o sección de la obra |
Livres VIII et IX |
| Mención de responsabilidad, etc. |
Flavius Josèphe ; établissement du texte, traduction et notes par Étienne Nodet |
| 260 ## - PUBLICACIÓN, DISTRIBUCIÓN, ETC... (PIE DE IMPRENTA) |
| Lugar de publicación, distribución, etc. |
Paris : |
| Nombre del editor, distribuidor, etc. |
Les éditions du Cerf, |
| Fecha de publicación, distribución, etc. |
2005 |
| 300 ## - DESCRIPCIÓN FÍSICA |
| Extensión |
LXXXII, 208 p. ; |
| Dimensiones |
20 cm |
| 504 ## - NOTA DE BIBLIOGRAFÍA, ETC. |
| Nota de bibliografía, etc. |
Incluye referencias bibliográficas en v. 1 (p. [XXXVII]-XLIV) |
| 546 ## - NOTA DE LENGUA |
| Nota de lengua |
Texto en griego y paralelo en francés |
| 630 04 - PUNTO DE ACCESO ADICIONAL DE MATERIA-TÍTULO UNIFORME |
| Título uniforme |
Biblia |
| Nombre de parte o sección de la obra |
A.T. |
| Subdivisión de materia general |
Historia de acontecimientos bíblicos |
| 9 (RLIN) |
17277 |
| 650 04 - PUNTO DE ACCESO ADICIONAL DE MATERIA-TÉRMINO DE MATERIA |
| Término de materia o nombre geográfico como elemento inicial |
Judíos |
| Subdivisión de materia general |
Historia |
| 9 (RLIN) |
17278 |
| 650 04 - PUNTO DE ACCESO ADICIONAL DE MATERIA-TÉRMINO DE MATERIA |
| Término de materia o nombre geográfico como elemento inicial |
Literatura Griega |
| 9 (RLIN) |
13266 |
| 700 1# - PUNTO DE ACCESO ADICIONAL-NOMBRE DE PERSONA |
| Nombre de persona |
Nodet, Étienne |
| 9 (RLIN) |
10473 |
| 942 ## - ENTRADA DE ELEMENTOS AGREGADOS (KOHA) |
| Fuente de clasificaión o esquema |
|
| Koha [por defecto] tipo de item |
Libros |